|
|
|
|
| LEADER |
03248nam a2200721 i 4500 |
| 001 |
nkc20243584107 |
| 003 |
CZ PrNK |
| 005 |
20240313120012.0 |
| 007 |
ta |
| 008 |
240116s2023 xr f 100 0 eng |
| 015 |
|
|
|a cnb003584107
|
| 020 |
|
|
|a 978-80-7630-038-5
|q (Právnická fakulta Univerzity Karlovy ;
|q brožováno)
|
| 035 |
|
|
|a (OCoLC)1429251461
|
| 040 |
|
|
|a ABA001
|b cze
|d OLA001
|d ABA001
|e rda
|
| 043 |
|
|
|a e-xr---
|a e------
|
| 072 |
|
7 |
|a 349
|x Pracovní, sociální, stavební právo. Právo životního prostředí
|2 Konspekt
|9 16
|
| 080 |
|
|
|a 502.171:574.4(285.3)
|2 MRF
|
| 080 |
|
|
|a 502.171:502.51
|2 MRF
|
| 080 |
|
|
|a 504.7:551.583
|2 MRF
|
| 080 |
|
|
|a 349.6
|2 MRF
|
| 080 |
|
|
|a 341.24
|2 MRF
|
| 080 |
|
|
|a (437.3)
|2 MRF
|
| 080 |
|
|
|a (4)
|2 MRF
|
| 080 |
|
|
|a (079)371.27
|2 MRF
|
| 080 |
|
|
|a (062.534)
|2 MRF
|
| 111 |
2 |
|
|a Climate Change and the Ramsar Convention (konference)
|d (2021 :
|c online)
|7 ko20241213450
|4 aut
|
| 245 |
1 |
0 |
|a Climate change and water protection from the perspective of law :
|b proceedings of the international Ph.D. students' conference, "Climate Change and the Ramsar Convention" : Faculty of Law, Charles University, October 15th, 2021 (online via MS Teams) /
|c Milan Damohorský, Vojtěch Stejskal (eds.)
|
| 264 |
|
1 |
|a Praha :
|b Faculty of Law, Charles University,
|c 2023
|
| 300 |
|
|
|a 86 stran ;
|c 22 cm
|
| 336 |
|
|
|a text
|b txt
|2 rdacontent
|
| 337 |
|
|
|a bez média
|b n
|2 rdamedia
|
| 338 |
|
|
|a svazek
|b nc
|2 rdacarrier
|
| 500 |
|
|
|a "Vydala Univerzita Karlova, Právnická fakulta ... v nakladatelství Eva Rozkotová, Beroun"--Rub titulní stránky
|
| 504 |
|
|
|a Obsahuje bibliografie a bibliografické odkazy
|
| 650 |
0 |
7 |
|a ochrana mokřadů
|7 ph153489
|z Česko
|2 czenas
|
| 650 |
0 |
7 |
|a ochrana mokřadů
|7 ph153489
|z země Evropské unie
|2 czenas
|
| 650 |
0 |
7 |
|a ochrana vod
|7 ph123666
|z Česko
|2 czenas
|
| 650 |
0 |
7 |
|a ochrana vod
|7 ph123666
|z země Evropské unie
|2 czenas
|
| 650 |
0 |
7 |
|a klimatické změny
|7 ph134843
|2 czenas
|
| 650 |
0 |
7 |
|a právo životního prostředí
|7 ph115918
|z Česko
|2 czenas
|
| 650 |
0 |
7 |
|a právo životního prostředí
|7 ph115918
|z země Evropské unie
|2 czenas
|
| 650 |
0 |
7 |
|a mezinárodní smlouvy
|7 ph122825
|2 czenas
|
| 650 |
0 |
9 |
|a wetland conservation
|z Czechia
|2 eczenas
|
| 650 |
0 |
9 |
|a wetland conservation
|z European Union countries
|2 eczenas
|
| 650 |
0 |
9 |
|a water conservation
|z Czechia
|2 eczenas
|
| 650 |
0 |
9 |
|a water conservation
|z European Union countries
|2 eczenas
|
| 650 |
0 |
9 |
|a climate changes
|2 eczenas
|
| 650 |
0 |
9 |
|a environmental law
|z Czechia
|2 eczenas
|
| 650 |
0 |
9 |
|a environmental law
|z European Union countries
|2 eczenas
|
| 650 |
0 |
9 |
|a international treaties
|2 eczenas
|
| 655 |
|
7 |
|a studentské práce
|7 fd186738
|2 czenas
|
| 655 |
|
7 |
|a sborníky konferencí
|7 fd133333
|2 czenas
|
| 655 |
|
9 |
|a student papers
|2 eczenas
|
| 655 |
|
9 |
|a proceedings of conferences
|2 eczenas
|
| 700 |
1 |
|
|a Damohorský, Milan,
|d 1963-
|7 jo20010082510
|4 edt
|
| 700 |
1 |
|
|a Stejskal, Vojtěch,
|d 1971-
|7 mzk2003186007
|4 edt
|
| 910 |
2 |
|
|a BOA001
|b 2-1521.419
|
| 928 |
9 |
|
|a Univerzita Karlova, Právnická fakulta
|
| 928 |
9 |
|
|a Eva Rozkotová
|
| 990 |
|
|
|a BK
|
| 995 |
|
|
|a 01
|
| 991 |
|
|
|b 202402
|c NOV
|
| 996 |
6 |
|
|b 2610961438
|c 2-1521.419
|l MZK
|r Sklad / do 1 hodiny
|n 0
|p p.v.
|w 001954142
|u 000010
|a 1
|e BOA001
|j MZK50
|s P
|